Szczegóły MARC21

Etyka zawodowa nauczycieli : wybrane zagadnienia /

005 -DATA I CZAS OSTATNIEJ MODYFIKACJI [,]
    • @
    • pole kontrolne
    • 20111028084121.0
020 -Międzynarod. znormalizowany nr książki - ISBN [ , ]
    • a
    • Numer ISBN
    • 9788370967802 Find
040 -Instytucja sporządzająca opis [ , ]
    • a
    • Instytucja, która sporządziła opis (NP)
    • SZCZ U/KLR
    • c
    • Instytucja, która sporządziła rekord (NP)
    • SZCZ U/KLR
    • d
    • Instytucja, która zmodyfikowała rekord (P)
    • SZCZ U/MM
041 -Język dokumentu [0, ]
    • a
    • Język tekstu (P)
    • polski
    • b
    • Język streszczeń lub abstraktu (P)
    • angielski
044 -Kraj miejsca wydania [ , ]
    • a
    • Kraj miejsca wydania
    • Polska
942 -Rodzaj dokumentu [ , ]
    • c
    • Rodzaj dokumentu
    • Książka
100 -Hasło główne - nazwa osobowa [1, ]
    • 9
    • KHW
    • 27318
    • a
    • Nazwa osobowa (NP)
    • Zając, Dariusz
    • d
    • Daty biograficzne (NP)
    • (pedagogika).
245 -Strefa tytułu i oznaczenia odpowiedzialności [1,0]
    • a
    • Tytuł
    • Etyka zawodowa nauczycieli : Find
    • b
    • Ciąg dalszy tytułu (NP)
    • wybrane zagadnienia / Find
    • c
    • Pozostałe elementy strefy tytułu i oznaczenia odpowiedzialności (NP)
    • Dariusz Zając.
260 -Strefa adresu wydawniczego [ , ]
    • a
    • Miejsce wydania (P)
    • Bydgoszcz :
    • b
    • Nazwa wydawcy (P)
    • Wydawnictwo Uniwersytetu Kazimierza Wielkiego,
    • c
    • Data wydania (P)
    • 2011.
300 -Strefa opisu fizycznego [ , ]
    • a
    • Określenie formy książki i/lub objętość (NP)
    • 190 s. ;
    • c
    • Format (NP)
    • 25 cm.
504 -Uwaga dot. bibliogr. załącznikowej [ , ]
    • a
    • Uwaga dot. bibliografii załącznikowej
    • Bibliogr.
521 -Uwaga dot. przeznaczenia czytelniczego [8, ]
    • a
    • Uwaga dot. przeznaczenia czytelniczego
    • Dla badaczy zajmujących się problematyką wpisującą się w etykę zawodową nauczycieli [...], czynnych i biernych nauczycieli, adeptów zawodu nauczycielskiego, przygotowujących sie do jego uprawiania.
546 -Uwaga dot. języka [ , ]
    • a
    • Uwaga dot. języka
    • Streszcz. w jęz. ang.
080 -Uniwersalna Klasyfikacja Dziesiętna [ , ]
    • 2
    • Identyfikator wydania tablic
    • UDC-P058
    • 9
    • UKD
    • 3866
    • a
    • Symbol klasyfikacji
    • 37.091.2-057.16
    • b
    • Dopowiedzenie
    • Nauczyciele. Wychowawcy. Status zawodowy nauczyciela. Rozwój zawodowy. Awans zawodowy nauczyciela.
080 -Uniwersalna Klasyfikacja Dziesiętna [ , ]
    • 2
    • Identyfikator wydania tablic
    • UDC-P058
    • 9
    • UKD
    • 2476
    • a
    • Symbol klasyfikacji
    • 174
    • b
    • Dopowiedzenie
    • Etyka zawodowa. Etyka obowiązku. Etyka pracy. Etyka stosunków między pracodawcą a pracownikiem.
980 -Symbol UKD [ , ]
    • a
    • UKD
    • 37.091.2-057.16:174
920 -ISBN [ , ]
    • a
    • ISBN
    • 978-83-7096-780-2 Find
Lokalizacja Data inwentaryzacji Status udost. Numer inwentarzowy
BG2011-10-071Z.115581